Online
Catalog

Historia de los tiempos modernos / (Record no. 34365)

MARC details
000 -CABECERA
campo de control de longitud fija 00818nam a2200229 a 4500
001 - NÚMERO DE CONTROL
campo de control 000034874
005 - FECHA Y HORA DE LA ÚLTIMA TRANSACCIÓN
campo de control 20200930073946.0
008 - DATOS DE LONGITUD FIJA--INFORMACIÓN GENERAL
campo de control de longitud fija 111021s1958 ag 000 0 spa d
040 ## - FUENTE DE LA CATALOGACIÓN
Centro catalogador/agencia de origen DO-SdBNP
Lengua de catalogación spa
Centro/agencia transcriptor BNPHU
082 ## - NÚMERO DE LA CLASIFICACIÓN DECIMAL DEWEY
Número de clasificación 909
Número de documento/Ítem E27h
049 ## - FONDOS LOCALES (OCLC)
Fondos de biblioteca BNPD
100 1# - ENTRADA PRINCIPAL--NOMBRE DE PERSONA
Nombre de persona Efimov, N.
Forma completa/desarrollada del nombre (Nikolaĭ Ivanovich),
Fechas asociadas al nombre 1932-
9 (RLIN) 60419
245 10 - MENCIÓN DE TÍTULO
Título Historia de los tiempos modernos /
Mención de responsabilidad, etc. N. Efimov ; traducción de M. B. Dalmacio.
260 ## - PUBLICACIÓN, DISTRIBUCIÓN, ETC.
Lugar de publicación, distribución, etc. Buenos Aires :
Nombre del editor, distribuidor, etc. Futuro,
Fecha de publicación, distribución, etc. 1958.
300 ## - DESCRIPCIÓN FÍSICA
Extensión 302 p. ;
Dimensiones 21 cm.
590 ## - NOTA LOCAL (RLIN)
Nota local Perteneció a la biblioteca personal de Juan Isidro Jimenes Grullón.
650 #4 - PUNTO DE ACCESO ADICIONAL DE MATERIA--TÉRMINO DE MATERIA
Término de materia o nombre geográfico como elemento de entrada Historia moderna
Subdivisión cronológica SIGLO XX
9 (RLIN) 18490
651 #4 - PUNTO DE ACCESO ADICIONAL DE MATERIA--NOMBRE GEOGRÁFICO
Nombre geográfico Europa
Subdivisión general Historia
Subdivisión cronológica 1789
9 (RLIN) 60420
651 #4 - PUNTO DE ACCESO ADICIONAL DE MATERIA--NOMBRE GEOGRÁFICO
Nombre geográfico Estados Unidos
Subdivisión general Historia
Subdivisión cronológica SIGLO 18-19
9 (RLIN) 60421
700 12 - PUNTO DE ACCESO ADICIONAL--NOMBRE DE PERSONA
Nombre de persona Dalmacio, M. B.
Término indicativo de función/relación tr.
9 (RLIN) 60422
910 ## - DATOS DE OPCIÓN DEL USUARIO (OCLC)
Datos de opción del usuario Validado. Control de calidad MFF
Holdings
Estado de retiro Estado de pérdida Restricciones de uso No para préstamo Código de colección Localización permanente Ubicación/localización actual Ubicación en estantería Fecha de adquisición Número de inventario Total de préstamos Signatura topográfica completa Código de barras Fecha visto por última vez Precio válido a partir de Tipo de ítem Koha Nota pública
    Préstamo interno   Raros y valiosos General General Depósito 21.10.2011 LF1   909 E27h 34874-10 25.06.2020 25.06.2020 Préstamo interno Perteneció a la biblioteca personal de Juan Isidro Jimenes Grullón.
      Excluido de préstamo Raros y valiosos General General En catalogación 24.10.2011 LF1   909 E27h 34874-20 25.06.2020 25.06.2020 No se presta Perteneció a la biblioteca personal de Juan Isidro Jimenes Grullón.

Powered by Koha